| Record ID | ia:auditorypercepti0000yost |
| Source | Internet Archive |
| Download MARC XML | https://archive.org/download/auditorypercepti0000yost/auditorypercepti0000yost_marc.xml |
| Download MARC binary | https://www.archive.org/download/auditorypercepti0000yost/auditorypercepti0000yost_meta.mrc |
LEADER: 02001nam 2200301Ia 4500
001 9920326190001661
005 20150423125442.0
008 070327s2008 nyua 001 0 eng
020 $a9780387713045 (hbk.)
020 $a0387713042 (hbk.)
035 $a(CSdNU)u320688-01national_inst
035 $a(OCoLC)124025394
035 $a(OCoLC)124025394
035 $a(OCoLC)124025394
040 $aUKM$cUKM$dBAKER$dYDXCP$dBTCTA$dOHX$dOrLoB-B
049 $aCNUM
050 14 $aQP461$b.Y672 2008
082 04 $a152.15$222
100 1 $aYost, William A.
245 10 $aAuditory perception of sound sources /$cW. Yost.
260 $aNew York :$bSpringer,$cc2008.
300 $axiii, 331 p. :$bill. ;$c25 cm.
440 0 $aSpringer handbook of auditory research ;$vv. 29
504 $aIncludes bibliographical references and index.
505 0 $a1. Perceiving sound sources / William A. Yost -- 2. Human sound source identification / Robert A. Lutfi -- 3. Size information in the production and perception of communication sounds / Roy D. Patterson, David R. R. Smith, Ralph van Dinther and Thomas C. Walters -- 4. The role of memory in auditory perception / Laurent Demany and Catherine Semal -- 5. Auditory attention and filters / Ervin R. Hafter, Anastasios Sarampalis and Psyche Loui -- 6. Informational masking / Gerald Kidd, Jr., Christine R. Mason, Virginia M. Richards, Frederick J. Gallun and Nathaniel I. Durlach -- 7. Effects of harmonicity and regularity on the perception of sound sources / Robert P. Carlyon and Hedwig E. Gockel -- 8. Spatial hearing and perceiving sources / Christopher J. Darwin -- 9. Envelope processing and sound-source perception / Stanley Sheft -- 10. Speech as a sound source / Andrew J. Lotto and Sarah C. Sullivan -- 11. Sound source perception and stream segregation in nonhuman vertebrate animals / Richard R. Fay.
650 0 $aAuditory perception.
994 $aC0$bCNU
999 $aQP 461 .Y672 2008$wLC$c1$i31786102228035$lCIRCSTACKS$mNULS$rY$sY $tBOOK$u2/20/2008